=LDR 00000nam 2200000 4500 =001 INLIS000000000055736 =005 20200812101536 =035 ##$$a 0010-0720000040 =007 ta =008 200812################g##########0#ind## =082 ##$$a 2x6.4 =084 ##$$a 2x6.4 MUS w =100 1#$$a Mustafa, Ibnu =245 1#$$a Wanita Islam menjelang tahun 2000 /$c Ibnu Musthafa =250 ##$$a cet.4 =260 ##$$a Bandung :$b Al-Bayan,$c 1995 =300 ##$$a 125 hlm., ; $c 14 x 21 cm =600 #4$$a Wanita Islam =990 ##$$a 1199700837